| 000 | 00542nam a22001937a 4500 | ||
|---|---|---|---|
| 005 | 20260514121416.0 | ||
| 010 | _aENG-148457 | ||
| 020 |
_c399.00 _a9789357317375 |
||
| 035 | _aEN-131989 | ||
| 037 |
_bDBAD _adpl |
||
| 082 | _aS | ||
| 100 | _aWhitaker, Zai | ||
| 245 | 0 | 0 |
_aCobra in my Kitchen and other Adventures with Wildlife/ _cZai Whitaker |
| 250 | _a1 | ||
| 260 |
_aGurgaon _bHachette Book Publishing _c2024 |
||
| 270 |
_aPlot No.94, Sector 44 _bGurgaon _e122003 |
||
| 300 |
_a194p. : _c22cm(pb) _bill. |
||
| 942 |
_2ddc _cEN _mWHI _hS |
||
| 999 |
_c216189 _d216189 |
||